| 000 | 02310nam a2200325 4500 | ||
|---|---|---|---|
| 001 | 113459 | ||
| 003 | DR-UNIBE | ||
| 005 | 20260311062603.0 | ||
| 008 | 250416b2024 dr ||||| |||| 00| 0 spa d | ||
| 020 | _a9789945251135 | ||
| 040 |
_aBIBLIOTECA UNIBE _bspa _cBIBLIOTECA UNIBE _erda |
||
| 041 | _aspa | ||
| 082 |
_222 _aRD 972.9304 V422m 2024 |
||
| 100 | 0 |
_aVega B., Wenceslao, _q(Vega Boyrie, Wenceslao Nicolás), _d1932- _eautor _9195939 |
|
| 245 | 1 | 3 |
_aLa mediación extranjera en las guerras dominicanas de independencia, 1849-1859 / _cWenceslao Vega B. ; presentación: Raymundo González ; edición : Área de publicaciones ; diagramación y cubierta: Juan Francisco Domínguez Novas ; cubierta: Esteban Rimoli |
| 250 | _aSegunda edición | ||
| 260 |
_aSanto Domingo : _bArchivo General de la Nación (AGN), _c2024 |
||
| 300 |
_a172 páginaas : _bfotos b/n ; _c22 x 15 cm |
||
| 490 |
_aArchivo General de la Nación ; _v519 |
||
| 500 | _aInformación del autor en las solapas | ||
| 505 | _aPresentación a la segunda edición | Introducción | Capítulo I. Breve reseña histórica | Capítulo II. Los dominicanos en los albores de la emancipación | Capítulo III. Interés del trabajo | Capítulo IV. Injerencia de las potencias antes de la independencia dominicana | Capítulo V. Intereses de Haití y de las potencias sobre la República Dominicana | Capítulo VI. Las guerras domínico-haitinas | Capítulo VII. Los reconocimientos y los tratados | Capítulo VIII. La mediación | Capítulo IX. La tregua | Capítulo X. Las últimas campañas militares, 1855-1856 | Capítulo XI. Conclusiones | Bibliografía | Principales personajes que aparecen en este trabajo | ||
| 651 | 7 |
_2lemb _a República Dominicana _xRelaciones Exteriores _y1844 _9194377 |
|
| 651 | 7 |
_2lemb _a República Dominicana _xHistoria _xMediación extranjera _9194378 |
|
| 651 | 7 |
_2lemb _a República Dominicana _xHistoria _xIndependencia Nacional _y1849-1859 _9194379 |
|
| 700 | 1 | 0 |
_aDomínguez Novas, Juan Francisco _9127336 _ediagramador _ecubierta |
| 700 | 1 | 0 |
_aRimoli, Esteban _9193448 _ediseño de cubierta |
| 700 | 1 | 0 |
_aGonzález, Raymundo, _d1961- _q(González de Peña, Raymundo Manuel) _9144555 _epresentador |
| 710 | 1 | 0 |
_aArchivo General de la Nación (AGN) _bÁrea de publicaciones _9194325 _eedición |
| 942 |
_2ddc _cBK |
||
| 999 |
_c113459 _d113459 |
||